Responses for show #792 - Tuesday, February 2, 1988

Barbara-Anne Eddy game 2.
Final Jeopardy! logo flashes on the game board's monitors instead of the show's logo.

Contestants

[<< previous game]

Robin Harkleroad, a banker from Bakersfield, California

Sue Wulfestieg, a homemaker from Tacoma, Washington

Barbara-Anne Eddy, a freelance researcher from Vancouver, Canada (whose 1-day cash winnings total $11,200)

[next game >>]

Jeopardy! Round responses

TECHNOLOGY
LONDON MONUMENTS
BOTTOMS UP
HITS OF THE '80s
ACTORS OF THE PAST
"UN" WORDS
    $100 14
World War II

Sue
    $100 1
the Great Fire of London

Barbara-Anne
    $100 8
Blue Nun

Sue
    $100 5
"That's What Friends Are For"

Sue
    $100 6
Eugene O'Neill

Barbara-Anne
    $100 10
uncles

Sue
    $200 18
ball point pen

Barbara-Anne
    $200 2
(Alex: The "G." was for Gilbert, not George C. Scott, the actor, of course.)

Albert

Barbara-Anne
    $200 25
(Alex: We've got a minute to go.)

ale

Barbara-Anne
    $200 21
Marvin Gaye

Barbara-Anne
    $200 9
slavery

Barbara-Anne
    $200 11
unlisted

Barbara-Anne
    $300 20
telegraph

Barbara-Anne
    $300 3
lions

Barbara-Anne
    $1,000 26
(Barbara-Anne: I haven't the faintest idea!)

Finlandia

Barbara-Anne
    $300 22
(Barbara-Anne: What is "In the Air Tonight"... got a feeling coming in the air tonight?)

(2 of) "One More Night", "Sussudio", "Separate Lives" & "Against All Odds"

Barbara-Anne
Triple Stumper
    $300 12
Sherlock Holmes

Barbara-Anne
    $300 15
unmentionables

Barbara-Anne
    $400 23
wax

Barbara-Anne
    $400 4
Peter Pan

Robin
    $400 27
(Alex: [**] Crown whiskey.)
[The end-of-round signal sounds.]

7 Up & Seagram's Seven

Sue
    $400 13
Lillie Langtry

Robin
    $400 17
the underworld

Robin
    $500 24
neon

Sue
    $500 7
Dick Whittington

Barbara-Anne
    $500 16
Moliere

Barbara-Anne
    $500 19
unguent (or unction)

Barbara-Anne

Scores at the first commercial break (after clue 12):

Barbara-Anne Sue Robin
$1,900 $300 $400

Scores at the end of the Jeopardy! Round:

Barbara-Anne Sue Robin
$3,200 $1,300 $1,200

Double Jeopardy! Round responses

ANCIENT HISTORY
FAIRY TALES
DOUBLE LETTERS
JFK
WOMEN
BIOLOGY
    $200 8
Egypt

Barbara-Anne
    $200 14
"The Emperor's New Clothes"

Barbara-Anne
    $200 15
null

Barbara-Anne
    $200 3
Cuba

Robin
    $200 13
Jefferson Davis

Robin
    $200 1
XY

Robin
    $400 9
during war

Barbara-Anne
    $400 27
[The end-of-round signal sounds.]

Aladdin

Robin
    $400 16
spittoon

Sue
    $400 6
Vietnam

Robin
    $400 20
"Mary Had a Little Lamb"

Sue
    $400 2
to move/locomotion

Sue
    $600 10
the Delphic oracle

Barbara-Anne
    $600 24
bell

Barbara-Anne
    $600 17
Hyannis Port

Sue
    $600 21
(Sue: What is a suffragette?)

feminist

Barbara-AnneSue
    $600 4
(Sue: What are its... feet?)

lungs

SueRobin
    $800 11
Carthage

Barbara-Anne
    $800 25
Tennessee

Barbara-Anne
    $800 18
(Robin: Who was Nixon?)

Henry Cabot Lodge

SueRobin
    $800 22
Hamlet

Barbara-Anne
    $800 5
pupil

Sue
    $1000 12
Jonah

Barbara-Anne
    $2,400 26
(Barbara-Anne: What are [*] and, uh, oh gosh--I'm sorry, I don't know.)
(Alex: The five movies were [*], [**] and Her Sisters, Children of a [***] God, A [****] with a View, and The [*****]; all of them had double letters.)

platoon, Hannah, lesser, room and/or mission

Barbara-Anne
    $1000 19
steel industry

Sue
    $2,000 23
(Barbara-Anne: I own one of her books.)
(Alex: We've got a minute to go in the round.)

Fannie Farmer

Barbara-Anne
    $1000 7
spawning

Barbara-Anne

Scores at the end of the Double Jeopardy! Round:

Barbara-Anne Sue Robin
$10,000 $4,500 $2,400
(lock game)

[wagering suggestions for these scores]

Final Jeopardy! Round responses

THE 50 STATES
(Alex: I'm holding an example of one here in my hand.)
RobinWhat is 19878?
$2,400
SueWhat is 10,000
$4,500
Barbara-AnneWhat is 10,000
$500
10,000 (for Minnesota, "The Land of 10,000 Lakes")

Final scores:

Barbara-Anne Sue Robin
$10,500 $9,000 $0
2-day champion: $21,700 + either the Jeopardy! box game or Jeopardy! computer game 2nd place: Soundesign deluxe audio/video center & Sam Moore Furniture wing chair + either the Jeopardy! box game or Jeopardy! computer game 3rd place: Frigidaire refrigerator/freezer + either the Jeopardy! box game or Jeopardy! computer game

Game dynamics:

Coryat scores:

Barbara-Anne Sue Robin
$12,400 $4,500 $2,400
29 R
(including 1 DD),
3 W
(including 2 DDs)
13 R,
2 W
9 R,
1 W

Combined Coryat: $19,300

The J! Archive is created by fans, for fans. The Jeopardy! game show and all elements thereof, including but not limited to copyright and trademark thereto, are the property of Jeopardy Productions, Inc. and are protected under law. This website is not affiliated with, sponsored by, or operated by Jeopardy Productions, Inc. Join the discussion at JBoard.tv.